Sonic the Hedgehog Character Quiz - Statistics

General Stats
  • This quiz has been taken 2,021 times
  • The average score is 28 of 60
Answer Stats
Answer % Correct
Sonic the Hedgehog
100%
Tails
97%
Knuckles the Echidna
96%
Shadow the Hedgehog
94%
Dr. Eggman
93%
Silver the Hedgehog
85%
Amy Rose
84%
Rouge the Bat
79%
Metal Sonic
78%
Blaze the Cat
77%
Cream the Rabbit
75%
Vector the Crocodile
74%
Espio the Chameleon
71%
Charmy Bee
69%
Big the Cat
67%
E-123 Omega
65%
Chaos
58%
Maria Robotnik
56%
Jet the Hawk
54%
Vanilla the Rabbit
47%
Mighty the Armadillo
46%
Wave the Swallow
45%
Ray the Flying Squirrel
44%
Storm the Albatross
44%
Infinite
43%
Sticks the Badger
43%
Cheese
42%
E-123 Gamma
42%
Mephiles the Dark
42%
Sally Acorn
41%
Tikal the Echidna
41%
Cubot
40%
Orbot
40%
Fang the Sniper
39%
Zavok
38%
Whisper the Wolf
36%
Chip
35%
Tangle the Lemur
34%
Princess Elise
33%
Sage
33%
Zazz
33%
Black Doom
32%
Bean the Dynamite
31%
Eggman Nega
31%
Marine the Raccoon
29%
Bark the Polar Bear
28%
Froggy
27%
Surge the Tenrec
27%
Honey the Cat
24%
Scourge the Hedgehog
24%
Zeena
24%
Tails Doll
23%
Metal Knuckles
22%
Manic the Hedgehog
21%
Sonia the Hedgehog
21%
Iblis the Flames of Disaster
17%
Shade the Echidna
17%
Bunnie Rabbot
16%
Cosmo
16%
Omochao
16%
No matching quizzes found
Score Distribution
Percent of People with Each Score
Percentile by Number Answered
Your Score History
You have not taken this quiz